000 00326nam a22001457a 4500
008 210531b ||||| |||| 00| 0 eng d
020 _a9780324062939
041 _aeng
080 _25th
_a33
082 _a33
100 _a58
101 _aBIZ
245 _aFundamentals of Business Law
_cRoger L. Miller
942 _2udc
_cBK
999 _c57854
_d57854